Načítá se...

ഗ്രന്ഥാലയമഹര്‍ഷി പി.എന്‍. പണിക്കര്‍ /

Podrobná bibliografie
Hlavní autor: പുതുക്കോട്, ഗോപി
Další autoři: Puthukode, Gopi
Médium: Printed Book
Jazyk:English
Vydáno: കോഴിക്കോട് : ലിപി പബ്ലിക്കേഷന്‍സ്, 2017.
Vydání:2nd ed.
Témata:
LEADER 00896nam a22002057a 4500
008 160531b xxu||||| |||| 00| 0 eng d
999 |c 28091  |d 28091 
020 |a 9788888016849 
082 |a 928.9418  |b PAN/PUT 
100 |a പുതുക്കോട്, ഗോപി 
240 |a Granthalaya maharshi P. N. Panicker 
245 |a ഗ്രന്ഥാലയമഹര്‍ഷി പി.എന്‍. പണിക്കര്‍ /  |c ഗോപി പുതുക്കോട് 
250 |a 2nd ed. 
260 |a കോഴിക്കോട് :  |b ലിപി പബ്ലിക്കേഷന്‍സ്,  |c 2017. 
300 |a 98p. 
600 |a Panicker, P. N. 
650 |a Biography 
700 |a Puthukode, Gopi 
942 |2 ddc  |c BK 
952 |0 0  |1 0  |2 ddc  |4 0  |6 928_941800000000000_PAN_PUT  |7 0  |9 38590  |a MAIN  |b MAIN  |d 2020-01-04  |e Lipi Publications  |g 85.00  |o 928.9418 PAN/PUT  |p 35503  |r 2020-01-04  |t 1  |w 2020-01-04  |y BK